LIBRARY & INFORMATION CENTRE, KCAET, TAVANUR

ONLINE PUBLIC ACCESS CATALOGUE (OPAC)

Development of tubewell irrigation in India / (Record no. 9978)

MARC details
000 -LEADER
fixed length control field 00494cam a2200193ua 4500
041 ## - LANGUAGE CODE
Language code of text/sound track or separate title eng
082 ## - DEWEY DECIMAL CLASSIFICATION NUMBER
Classification number 631.587
Item number BHA/DE
100 ## - MAIN ENTRY--AUTHOR NAME
Personal name Bhawan , B D .
245 ## - TITLE STATEMENT
Title Development of tubewell irrigation in India /
250 ## - EDITION STATEMENT
Edition statement 1 /
260 ## - PUBLICATION, DISTRIBUTION, ETC. (IMPRINT)
Place of publication New Delhi :
Name of publisher Agricole Publishing Academy ,
Year of publication 1983.
300 ## - PHYSICAL DESCRIPTION
Number of Pages 208 ; .
942 ## - ADDED ENTRY ELEMENTS (KOHA)
Koha item type Books
Holdings
Withdrawn status Lost status Damaged status Home library Current library Date acquired Full call number Accession Number Koha item type
      KAUAET KAUAET 07/04/2012 631.587 17797 Books
      KAUAET KAUAET 07/04/2012 631.587 14484 Books
free website counter